[Event "Wellington Open 2018"]
[Site "Wellington NZL"]
[Date "2018.03.31"]
[Round "5"]
[White "Ker, Anthony F"]
[Black "Winter, Ryan"]
[Result "1-0"]
[WhiteElo "2307"]
[BlackElo "1668"]

1. e4 c6 2. c4 d5 3. cxd5 cxd5 4. exd5 Nf6 5. Nc3 Nxd5 6. Nf3 Nc6 7. Bb5 e6 8.
O-O Be7 9. d4 O-O 10. Re1 Nf6 11. a3 a6 12. Bxc6 bxc6 13. Na4 Qc7 14. Bg5 Rd8
15. Rc1 Bb7 16. Nc5 Rac8 17. Qa4 Qb6 18. Re2 Nd5 19. Bxe7 Nxe7 20. Rc3 Rc7 21.
Rb3 Qa7 22. Qa5 Rdc8 23. Ne5 Nf5 24. Rd2 Nd6 25. Rd1 h6 26. h3 Kh8 27. Rb4 Re7
28. Rc1 Rec7 29. Ned7 Ba8 30. Nb6 Rb8 31. Qxa6 Rcb7 32. Qxa7 Rxa7 33. Nd5 Rb5
34. Nc3 Rxb4 35. axb4 Rc7 36. Ra1 Rc8 37. Ra7 Kg8 38. N3a4 Rb8 39. Nd7 Rd8 40.
Nab6 Bb7 41. Nc5 Rb8 42. Nbd7 Ra8 43. Rxb7 Nxb7 44. Nxb7 Ra1+ 45. Kh2 Ra4 46.
Na5 Rxb4 47. Nxc6 Rxb2 48. Kg3 Rc2 49. Nce5 Ra2 50. Kf3 f6 51. Nd3 Ra4 52. Ke3
Ra6 53. Ke4 Ra2 54. N7c5 Kf7 55. g4 Rc2 56. h4 g5 57. h5 Rc4 58. Ke3 Rc3 59. f3
Rc2 60. d5 exd5 61. Kd4 Rd2 62. Kxd5 Re2 63. Kd4 Re7 64. Ne4 Rd7+ 65. Ke3 Re7
66. Nc5 Re5 67. Kd4 Kg7 68. Nd6 Kh7 69. Nce4 Re6 70. Kd5 Re5+ 71. Kc6 Ra5 72.
Nxf6+ Kg7 73. Nfe4 Ra3 74. Nf5+ Kh7 75. Nd4 Rd3 76. Kd5 Ra3 77. Ke5 Ra5+ 78.
Kf6 Ra6+ 79. Ne6 Rb6 80. Nc5 Rb8 81. Kf7 Ra8 82. Nf8+ Kh8 83. Ng6+ Kh7 84. Ne4
Ra7+ 85. Ne7 Rb7 86. Nf6+ Kh8 87. Nd5 Ra7 88. f4 gxf4 89. Nxf4 Ra5 90. Nfg6+
Kh7 91. Nf8+ 1-0

[Event "Wellington Open 2018"]
[Site "Wellington NZL"]
[Date "2018.03.31"]
[Round "5"]
[White "Macdonald, Paul"]
[Black "Croad, Nicholas"]
[Result "0-1"]
[WhiteElo "2002"]
[BlackElo "2294"]

1. d4 Nf6 2. c4 g6 3. Nc3 Bg7 4. e4 d6 5. f4 c5 6. d5 O-O 7. Nf3 e6 8. Be2 exd5
9. cxd5 Re8 10. e5 Nfd7 11. e6 Nf8 12. O-O fxe6 13. Bb5 Bd7 14. dxe6 Bxb5 15.
Nxb5 d5 16. f5 gxf5 17. e7 Rxe7 18. Bg5 Nc6 19. Nh4 Qd7 20. Nxf5 Re6 21. Nxg7
Qxg7 22. Qxd5 Qe5 23. Rad1 Qxd5 24. Rxd5 Re5 25. Nc7 Rc8 26. Rxe5 Nxe5 27. Nd5
Nc6 28. Bh6 Ne6 29. Nf6+ Kf7 30. Nxh7+ Kg6 31. Rf6+ Kxh7 32. Rxe6 Nd4 33. Rf6
Re8 34. Bd2 b5 35. a3 Nb3 36. Bc3 a5 37. Rc6 b4 38. axb4 axb4 39. Bf6 Re2 40.
h4 Kg6 41. Kh2 Kf5 42. Kh3 Nd4 43. Bxd4 cxd4 44. Rc4 Ke5 45. Rxb4 d3 46. Rb8 d2
47. Rd8 Ke4 48. h5 Re3+ 49. Kg4 Rd3 50. Re8+ Kd4 51. Rd8+ Ke3 0-1

[Event "Wellington Open 2018"]
[Site "Wellington NZL"]
[Date "2018.03.31"]
[Round "5"]
[White "Wells, Clinton A"]
[Black "Steadman, Michael V R"]
[Result "0-1"]
[WhiteElo "1930"]
[BlackElo "2194"]

1. d4 e6 2. g3 f5 3. Bg2 Nf6 4. c4 c6 5. Nf3 d5 6. Qc2 Bd6 7. Bg5 h6 8. Bf4
Bxf4 9. gxf4 O-O 10. Nbd2 a5 11. e3 b6 12. O-O Na6 13. a3 Bb7 14. c5 bxc5 15.
dxc5 Nd7 16. Nd4 Qf6 17. b4 axb4 18. axb4 Nc7 19. N2b3 e5 20. Nxf5 exf4 21.
Rxa8 Bxa8 22. e4 Ne5 23. f3 Bb7 24. Nfd4 Ba6 25. exd5 Bxf1 26. Bxf1 Nxd5 27.
Bc4 Qg5+ 28. Kf1 Nxc4 29. Qxc4 Kh8 30. Nc2 Qe5 0-1

[Event "Wellington Open 2018"]
[Site "Wellington NZL"]
[Date "2018.03.31"]
[Round "5"]
[White "Aldridge, Alan L"]
[Black "Dive, Russell J"]
[Result "0-1"]
[WhiteElo "1872"]
[BlackElo "2318"]

1. e4 Nf6 2. e5 Nd5 3. d4 d6 4. exd6 cxd6 5. Nf3 g6 6. c4 Nb6 7. h3 Bg7 8. Nc3
O-O 9. Bd3 Nc6 10. Be3 d5 11. c5 Nc4 12. Qe2 Nxe3 13. fxe3 e5 14. dxe5 Nxe5 15.
O-O-O Qa5 16. Nd4 Qxc5 17. g4 a6 18. Kb1 Rd8 19. Nb3 Qe7 20. Bc2 Be6 21. Qg2
Nc4 22. Rhe1 Qg5 23. Qf3 Rac8 24. Nd4 b5 25. Rd3 Ne5 0-1

[Event "Wellington Open 2018"]
[Site "Wellington NZL"]
[Date "2018.03.31"]
[Round "5"]
[White "Goodhue, Nathan"]
[Black "Lee, Edward"]
[Result "1-0"]
[WhiteElo "1915"]
[BlackElo "1838"]

1. d4 b6 2. Nf3 Bb7 3. g3 g6 4. Bg2 Bg7 5. c4 e6 6. Nc3 f5 7. O-O Nf6 8. b4 Qe7
9. Qb3 h6 10. Ne5 Bxg2 11. Nxg6 Qd6 12. Kxg2 Qxd4 13. Nb5 Qg4 14. Nxh8 Na6 15.
Rb1 Bxh8 16. Qf3 c6 17. Qxg4 Nxg4 18. Na3 Bd4 19. Nc2 Bc3 20. Rb3 Bg7 21. Bb2
Bxb2 22. Rxb2 O-O-O 23. Rc1 h5 24. Ne1 e5 25. h3 Nf6 26. Nf3 Re8 27. a3 Nc7 28.
a4 d6 29. Rd2 Ne4 30. Rb2 Kd7 31. Nd2 Nf6 32. c5 d5 33. cxb6 axb6 34. a5 bxa5
35. bxa5 Ra8 36. Rb6 Rxa5 37. Rcxc6 Nfe8 38. Rh6 Ra2 39. Nf3 Rxe2 40. Rh7+ Kc8
41. Rxh5 d4 42. Rxf5 Nd5 43. Kf1 d3 44. Rb3 Re3 45. Nd2 Rxg3 46. Rxe5 Rxh3 47.
Rxd5 1-0

[Event "Wellington Open 2018"]
[Site "Wellington NZL"]
[Date "2018.03.31"]
[Round "5"]
[White "Nyberg, Michael"]
[Black "Wevers, Alexis"]
[Result "1-0"]
[WhiteElo "1920"]
[BlackElo "1661"]

1. e4 c6 2. d4 d5 3. Nd2 e6 4. Ngf3 Nd7 5. c3 dxe4 6. Nxe4 Ngf6 7. Bd3 Nxe4 8.
Bxe4 c5 9. O-O cxd4 10. Nxd4 Be7 11. Be3 O-O 12. Qf3 Nc5 13. Bc2 e5 14. Nf5 Be6
15. Rad1 Qc7 16. b4 Bxf5 17. Qxf5 g6 18. Qh3 Ne6 19. Bh6 Rfd8 20. Bb3 Nf4 21.
Qe3 Bf6 22. Rxd8+ Rxd8 23. Qxa7 Ne2+ 24. Kh1 Rd3 25. Qa4 Qc6 26. b5 Qxc3 27.
Qa8+ Bd8 28. Qxb7 Qc7 29. Qxc7 Bxc7 30. Bc4 Ra3 31. Bxe2 Rxa2 32. Bd3 1-0

[Event "Wellington Open 2018"]
[Site "Wellington NZL"]
[Date "2018.03.31"]
[Round "5"]
[White "Rossiter, Philip E"]
[Black "Day, Fabian"]
[Result "1-0"]
[WhiteElo "1773"]
[BlackElo "1556"]

1. d4 f5 2. c4 Nf6 3. Nf3 g6 4. g3 Bg7 5. Bg2 d6 6. O-O O-O 7. b3 e5 8. dxe5
dxe5 9. Nxe5 Ne4 10. Bb2 Nc6 11. Nd3 Bxb2 12. Nxb2 Qf6 13. Qc1 Nd4 14. Re1 f4
15. Bxe4 fxg3 16. f3 (16. fxg3 Qf2+ (16... Bg4) 17. Kh1 Nxe2 18. Nd3 $18) 16...
Qh4 17. hxg3 Qxg3+ 18. Kh1 Bh3 (18... Rf4) 19. Rg1 Qf2 (19... Qh4 20. Qe1 Qh5
21. Rg2 Bxg2+ 22. Kxg2) 20. Qh6 Nxe2 21. Rxg6+ Kf7 22. Rf6+ Ke7 23. Qg7+ Rf7
24. Qxf7+ Kd8 25. Qg8+ Ke7 26. Qg7+ 1-0

[Event "Wellington Open 2018"]
[Site "Wellington NZL"]
[Date "2018.03.31"]
[Round "5"]
[White "Brockway, Andrew"]
[Black "Weng, Xintong (Winston)"]
[Result "1/2-1/2"]
[WhiteElo "1736"]
[BlackElo "1489"]

1. e4 c5 2. Nc3 Nc6 3. Bb5 g6 4. Bxc6 bxc6 5. f4 Bg7 6. Nf3 Ba6 7. d3 d6 8. O-O
e6 9. Qe1 Ne7 10. f5 exf5 11. exf5 O-O 12. Qh4 Nxf5 13. Qh3 Bc8 14. g4 Nd4 15.
Bh6 Nxf3+ 16. Rxf3 Bxg4 17. Qxg4 Bxh6 18. Qh3 Bg7 19. Ne4 Rb8 20. Raf1 f5 21.
Nc3 Bxc3 22. bxc3 h5 23. Rg3 Kh7 24. Qg2 Rg8 25. Qxc6 Qb6 26. Qd7+ Rg7 27. Qe6
c4+ 28. d4 Qc7 29. Qe2 Rb2 30. Rxf5 Rb1+ 31. Rf1 Rb2 32. Rf5 gxf5 1/2-1/2

[Event "Wellington Open 2018"]
[Site "Wellington NZL"]
[Date "2018.03.31"]
[Round "5"]
[White "Xie, Felix"]
[Black "Sole, Michael D"]
[Result "0-1"]
[WhiteElo "1252"]
[BlackElo "1686"]

1. e4 c5 2. Nc3 Nc6 3. f4 g6 4. Nf3 Bg7 5. Bb5 Nd4 6. Bc4 e6 7. e5 d5 8. Nxd4
cxd4 9. Bb5+ Bd7 10. Bxd7+ Qxd7 11. Ne2 Qa4 12. b3 Qb4 13. Bb2 d3 14. cxd3 Ne7
15. Bc3 Qb5 16. d4 Qd3 17. O-O Nf5 18. Rf3 Qb5 19. a4 Qb6 20. a5 Qb5 21. Ra4
O-O 22. g4 Nh6 23. h3 f5 24. g5 Nf7 25. Bb4 Rfc8 26. Be7 Rc7 27. Bf6 Bf8 28.
Nc3 Qd7 29. h4 h5 30. gxh6 Nxh6 31. Rg3 Ng4 32. Kg2 Qe8 33. Bg5 Rac8 34. Qe1 a6
35. Nd1 Qb5 36. Qf1 Rc2 37. Rd3 Bb4 38. Nc3 Bxc3 39. Rxc3 R2xc3 40. Qxb5 axb5
0-1

[Event "Wellington Open 2018"]
[Site "Wellington NZL"]
[Date "2018.03.31"]
[Round "5"]
[White "Jackson, L Ross"]
[Black "He, Caleb"]
[Result "1/2-1/2"]
[WhiteElo "1893"]
[BlackElo "1604"]

1. d4 Nf6 2. c4 g6 3. Nc3 Bg7 4. e4 d6 5. f4 O-O 6. Nf3 e5 7. fxe5 dxe5 8. d5
Re8 9. Bg5 b6 10. Qd2 Na6 11. Be2 Nc5 12. Qc2 a5 13. O-O Ba6 14. a3 Qd6 15. b4
axb4 16. axb4 Ncxe4 17. Nxe4 Nxe4 18. Qxe4 f5 19. Qc2 e4 20. c5 bxc5 21. bxc5
exf3 22. cxd6 fxe2 23. d7 exf1=Q+ 1/2-1/2

[Event "Wellington Open 2018"]
[Site "Wellington NZL"]
[Date "2018.03.31"]
[Round "5"]
[White "Forster, William"]
[Black "Stracy, Don M"]
[Result "1/2-1/2"]
[WhiteElo "1867"]
[BlackElo "1575"]

1. d4 Nf6 2. c4 e6 3. g3 d5 4. Bg2 dxc4 5. Nf3 Bd7 6. Ne5 Nc6 7. Nxc4 Be7 8.
O-O O-O 9. Nc3 Qc8 10. e4 a6 11. Ne2 b5 12. Ne3 e5 13. dxe5 Nxe5 14. b3 Rd8 15.
Qc2 c5 16. Bb2 Nc6 17. Qc3 b4 18. Qc2 Ne8 19. Nd5 Rb8 20. Nxe7+ Nxe7 21. Rac1
Rb5 22. a4 bxa3 23. Bxa3 Be6 24. Bxc5 Bxb3 25. Qc3 Ng6 26. Nd4 Rxc5 27. Qxc5
Qxc5 28. Rxc5 Rxd4 29. Rc8 Kf8 30. e5 Bd5 31. Re1 Bxg2 32. Kxg2 Ne7 33. Ra8 g6
34. Rb1 Nc6 35. Rc1 Rd8 36. Rxd8 1/2-1/2

[Event "Wellington Open 2018"]
[Site "Wellington NZL"]
[Date "2018.03.31"]
[Round "5"]
[White "Ha, Huy Minh (Timothy)"]
[Black "Weiskopf, Philip"]
[Result "1-0"]
[WhiteElo "1673"]
[BlackElo "1710"]

1. d4 d5 2. Nf3 Nc6 3. Bf4 g6 4. e3 a6 5. c4 Nf6 6. Nc3 Be6 7. cxd5 Nxd5 8. Bg3
Nxc3 9. bxc3 Bf5 10. Be2 Bg7 11. O-O O-O 12. Qb3 b5 13. Rfd1 e6 14. Rac1 Be4
15. Nd2 Bd5 16. c4 bxc4 17. Bxc4 Na5 18. Qa4 c6 19. Bxd5 exd5 20. Rc5 Nb7 21.
Rxc6 Qe8 22. Qc2 Rc8 23. Rc1 Ra8 24. Qb2 Nd8 25. Rb6 Qa4 26. Nb3 Ne6 27. Qd2
Ng5 28. Nc5 Ne4 29. Nxe4 dxe4 30. h3 Rfc8 31. Rxc8+ Rxc8 32. Rb8 Rxb8 33. Bxb8
Qb5 34. Bd6 Qb1+ 35. Kh2 Bf8 36. Bxf8 Kxf8 37. Qa5 Qb8+ 38. Qe5 Qxe5+ 39. dxe5
Ke7 40. Kg3 Ke6 41. Kf4 Kd5 42. f3 exf3 43. gxf3 h6 44. h4 Kc4 45. e6 fxe6 46.
Ke5 Kd3 47. e4 Ke3 48. Kxe6 Kxf3 49. e5 g5 50. Kf5 g4 51. e6 g3 52. e7 g2 53.
e8=Q g1=Q 54. Qe4+ 1-0

[Event "Wellington Open 2018"]
[Site "Wellington NZL"]
[Date "2018.03.31"]
[Round "5"]
[White "List, Robert"]
[Black "Xu, Hannah"]
[Result "1-0"]
[WhiteElo "1591"]
[BlackElo "1120"]

1. e4 e6 2. d4 d5 3. e5 c5 4. c3 Nc6 5. Nf3 Qb6 6. Bd3 Bd7 7. O-O cxd4 8. cxd4
Nxd4 9. Nxd4 Qxd4 10. Nc3 Qxe5 11. Re1 Qc7 12. Nxd5 Qc6 13. Bb5 Qc8 14. Qa4 Ne7
15. Bxd7+ Qxd7 16. Nc7+ Kd8 17. Qxd7+ Kxd7 18. Nxa8 Nd5 19. Be3 Bd6 20. Bxa7
Rxa8 21. Bd4 Nb4 22. Bxg7 Nc2 23. Red1 Nxa1 24. Rxa1 Rc8 25. Bc3 e5 26. Re1 Ra8
27. a3 f6 28. g4 Rg8 29. h3 h5 30. f3 Bc5+ 31. Kh2 hxg4 32. hxg4 Rh8+ 33. Kg3
Re8 34. b4 Ba7 35. Rh1 Rc8 36. Rh7+ Kc6 37. Rf7 Kd5 38. Rxb7 Be3 39. Be1 Bf4+
40. Kg2 Rc2+ 41. Kf1 Rc1 42. Ke2 Rc2+ 43. Kd3 Ra2 44. Ra7 Ra1 45. Ra5+ Kc6 46.
Bh4 Rd1+ 47. Ke4 Rd4+ 48. Kf5 Rd3 49. Bxf6 Rxf3 50. Bxe5 Bc1+ 51. Kg6 Bxa3 52.
Rc5+ Kb6 53. Rc3 Rxc3 54. Bxc3 Bc1 55. Kf6 Kb5 56. g5 Bxg5+ 57. Kxg5 Kc4 58.
Kf5 Kd5 59. Be1 Kc6 60. Ke6 Kb6 61. Kd6 Kb5 62. Kc7 Ka6 63. Kc6 Ka7 64. Bg3 Ka6
65. b5+ Ka5 66. b6 Kb4 67. b7 Kc4 68. b8=Q Kd4 69. Qb4+ Ke3 70. Kd5 Kf3 71.
Qf4+ Ke2 72. Kd4 Kd1 73. Qf2 Kc1 74. Kc3 Kd1 75. Qd2# 1-0